Fuentes históricas : (Record no. 210339)
[ view plain ]
| 000 -CABECERA | |
|---|---|
| campo de control de longitud fija | 01145cam a22003017a 4500 |
| 003 - IDENTIFICADOR DEL NÚMERO DE CONTROL | |
| campo de control | MX-MxUPN |
| 005 - FECHA Y HORA DE LA ÚLTIMA TRANSACCIÓN | |
| campo de control | 20240919064133.0 |
| 008 - ELEMENTOS DE LONGITUD FIJA--INFORMACIÓN GENERAL | |
| campo de control de longitud fija | 230918s2017 mx|a|||fr ||| 000 0 spa d |
| 020 ## - NÚMERO INTERNACIONAL NORMALIZADO PARA LIBROS | |
| Número Internacional Estándar del Libro | 9786075241647 (obra completa) |
| 020 ## - NÚMERO INTERNACIONAL NORMALIZADO PARA LIBROS | |
| Número Internacional Estándar del Libro | 9786075241654 (v. 1) |
| 020 ## - NÚMERO INTERNACIONAL NORMALIZADO PARA LIBROS | |
| Número Internacional Estándar del Libro | 9786075241661 (v. 2) |
| 020 ## - NÚMERO INTERNACIONAL NORMALIZADO PARA LIBROS | |
| Número Internacional Estándar del Libro | 9786075241678 (v.3) |
| 020 ## - NÚMERO INTERNACIONAL NORMALIZADO PARA LIBROS | |
| Número Internacional Estándar del Libro | 9786075241685 (v.4) |
| 040 ## - FUENTE DE LA CATALOGACIÓN | |
| Centro catalogador/agencia de origen | MX-MxUPN |
| Lengua de catalogación | spa |
| 050 #4 - SIGNATURA TOPOGRÁFICA DE LA BIBLIOTECA DEL CONGRESO | |
| Número de clasificación | KGF2919 |
| Número de documento/Ítem | F84 2017 |
| 245 ## - MENCIÓN DE TÍTULO | |
| Título | Fuentes históricas : |
| Resto del título | Constitución de 1917 |
| 250 ## - MENCIÓN DE EDICIÓN | |
| Mención de edición | Segunda edición |
| 260 ## - PUBLICACIÓN, DISTRIBUCIÓN, ETC. | |
| Lugar de publicación, distribución, etc. | México : |
| Nombre del editor, distribuidor, etc. | Centro de Estudios de Derecho e Investigaciones Parlamentarias : |
| -- | MAPorrúa, |
| Fecha de publicación, distribución, etc. | 2017 |
| 300 ## - DESCRIPCIÓN FÍSICA | |
| Extensión | 4 volumenes |
| 490 0# - MENCIÓN DE SERIE | |
| Mención de serie | Serie La Historia |
| 505 ## - NOTA DE CONTENIDO CON FORMATO PREESTABLECIDO | |
| Información miscelánea | [v.0.] |
| Título | Tabla de contenidos. -- |
| Información miscelánea | v.1. |
| Título | 1215-1819. -- |
| Información miscelánea | v.2. |
| Título | 1821-1826. -- |
| Información miscelánea | v.3. |
| Título | 1831-1915. -- |
| Información miscelánea | v.4 |
| Título | 1916-2017. |
| 610 12 - ASIENTO SECUNDARIO DE MATERIA - NOMBRE CORPORATIVO | |
| Nombre de entidad corporativa o nombre de jurisdicción como elemento de entrada | México. |
| Título de la obra | Constitución política (1917) |
| 9 (RLIN) | 27956 |
| 651 #4 - ASIENTO SECUNDARIO DE MATERIA - NOMBRE GEOGRAFICO | |
| 9 (RLIN) | 4597 |
| Nombre geográfico | México |
| Subdivisión general | Historia constitucional |
| 700 1# - ASIENTO SECUNDARIO--NOMBRE DE PERSONAL | |
| 9 (RLIN) | 50336 |
| Nombre de persona | Camacho, Cesar, |
| Fechas asociadas al nombre | 1959- |
| Término indicativo de función/relación | coordinación |
| 700 1# - ASIENTO SECUNDARIO--NOMBRE DE PERSONAL | |
| 9 (RLIN) | 41162 |
| Nombre de persona | Fernández Ruiz, Jorge, |
| Fechas asociadas al nombre | 1930- |
| 902 ## - ELEMENTOS DE DATOS B LOCAL, LDB (RLIN) | |
| Creó | PatriciaDurand/180923 |
| Modificó | VíctorGodínez/171023 |
| 942 ## - ELEMENTOS DE PUNTO DE ACCESO ADICIONAL (KOHA) | |
| Fuente del sistema de clasificación o colocación | Library of Congress Classification |
| Tipo de ítem Koha | Libro |
| Estado de retiro | Estado de pérdida | Fuente del sistema de clasificación o colocación | Estado dañado | No para préstamo | Código de colección | Localización permanente | Ubicación/localización actual | Ubicación en estantería | Fecha de adquisición | Enumeración/cronología de publicación seriada | Clasificación | Código de barras | Fecha visto por última vez | Precio válido a partir de | Tipo de ítem Koha |
|---|---|---|---|---|---|---|---|---|---|---|---|---|---|---|---|
| Library of Congress Classification | Disponible (Previa cita) | Fondo Reservado de libros | Bib. Gregorio Torres Quintero | Bib. Gregorio Torres Quintero | Sala de Fondos Reservados Planta alta | 18/09/2023 | v.1 | KGF2919 F84 2017 | 337378 | 18/09/2023 | 18/09/2023 | Libro | |||
| Library of Congress Classification | Disponible (Previa cita) | Fondo Reservado de libros | Bib. Gregorio Torres Quintero | Bib. Gregorio Torres Quintero | Sala de Fondos Reservados Planta alta | 18/09/2023 | v.2 | KGF2919 F84 2017 | 337379 | 18/09/2023 | 18/09/2023 | Libro | |||
| Library of Congress Classification | Disponible (Previa cita) | Fondo Reservado de libros | Bib. Gregorio Torres Quintero | Bib. Gregorio Torres Quintero | Sala de Fondos Reservados Planta alta | 18/09/2023 | v.3 | KGF2919 F84 2017 | 337380 | 18/09/2023 | 18/09/2023 | Libro | |||
| Library of Congress Classification | Disponible (Previa cita) | Fondo Reservado de libros | Bib. Gregorio Torres Quintero | Bib. Gregorio Torres Quintero | Sala de Fondos Reservados Planta alta | 18/09/2023 | v.4 | KGF2919 F84 2017 | 337381 | 18/09/2023 | 18/09/2023 | Libro | |||
| Library of Congress Classification | Disponible (Previa cita) | Fondo Reservado de libros | Bib. Gregorio Torres Quintero | Bib. Gregorio Torres Quintero | Sala de Fondos Reservados Planta alta | 17/10/2023 | v.0 | KGF2919 F84 2017 | 337372 | 17/10/2023 | 17/10/2023 | Libro |
